Kamusi ya Kiswahili sanifu / (Record no. 5977)

000 -LEADER
fixed length control field 00986cam a2200253 i 4500
003 - CONTROL NUMBER IDENTIFIER
control field OSt
005 - DATE AND TIME OF LATEST TRANSACTION
control field 20230612075651.0
008 - FIXED-LENGTH DATA ELEMENTS--GENERAL INFORMATION
fixed length control field 130927s2013 ke a d 000 0 swa
020 ## - INTERNATIONAL STANDARD BOOK NUMBER
International Standard Book Number 9780195742862
040 ## - CATALOGING SOURCE
Transcribing agency ALUPE UNIVERSITY
050 00 - LIBRARY OF CONGRESS CALL NUMBER
Classification number PL8703
Item number .C58 2013
110 2# - MAIN ENTRY--CORPORATE NAME
Corporate name or jurisdiction name as entry element Chuo Kikuu cha Dar es Salaam.
Subordinate unit Taasisi ya Taaluma za Kiswahili.
245 10 - TITLE STATEMENT
Title Kamusi ya Kiswahili sanifu /
Statement of responsibility, etc. Taasisi ya Taaluma za Kiswahili (TATAKI), iliyokuwa ikiitwa Taasisi ya Uchunguzi wa Kiswahili (TUKI), Chuo Kikuu cha Dar es Salaam.
250 ## - EDITION STATEMENT
Edition statement Toleo la 3.
264 #1 - PRODUCTION, PUBLICATION, DISTRIBUTION, MANUFACTURE, AND COPYRIGHT NOTICE
Place of production, publication, distribution, manufacture Nairobi, Kenya :
Name of producer, publisher, distributor, manufacturer Oxford University Press, East Africa Limited,
Date of production, publication, distribution, manufacture, or copyright notice 2013.
300 ## - PHYSICAL DESCRIPTION
Extent xvi, 687 pages :
Other physical details illustrations ;
Dimensions 22 cm
336 ## - CONTENT TYPE
Content type term text
Source rdacontent
337 ## - MEDIA TYPE
Media type term unmediated
Source rdamedia
338 ## - CARRIER TYPE
Carrier type term volume
Source rdacarrier
650 #0 - SUBJECT ADDED ENTRY--TOPICAL TERM
Topical term or geographic name entry element Swahili language
Form subdivision Dictionaries.
906 ## - LOCAL DATA ELEMENT F, LDF (RLIN)
a 7
b cbc
c origcop
d 3
e ncip
f 20
g y-gencatlg
942 ## - ADDED ENTRY ELEMENTS (KOHA)
Source of classification or shelving scheme
Koha item type References
Suppress in OPAC JO
Holdings
Withdrawn status Lost status Source of classification or shelving scheme Damaged status Not for loan Permanent Location Current Location Shelving location Date acquired Source of acquisition Total Checkouts Full call number Barcode Date last seen Price effective from Koha item type Public note
          AU LIBRARY AU LIBRARY Open Shelf 12.06.2023 DONATION FROM MOI UNIVERSITY   REF PL8703 .C58 2013 28002386 12.06.2023 12.06.2023 References JO

Powered by Koha